Wortgesindel /

Hlavní autor: Achleitner, Friedrich, 1930-2019
Jazyk: Němčina
Vydáno: Wien : Paul Zsolnay, [2015]
Témata:
Fyzický popis: 106 stran ; 22 cm
Knihy
Uloženo v:
LEADER 01041nam a2200313 i 4500
001 001509383
003 CZ BrMZK
005 20160316073315.0
007 ta
008 160204t20152015au g 000 f ger
020 |a 978-3-552-05712-8  |q (vázáno) 
040 |a BOA001  |b cze  |e rda 
072 7 |a 821.112.2-3  |x Německá próza, německy psaná  |2 Konspekt  |9 25 
080 |a 821.112.2(436)-3  |2 MRF 
080 |a (0:82-3)  |2 MRF 
100 1 |a Achleitner, Friedrich,  |d 1930-2019  |7 jn19990000060  |4 aut 
245 1 0 |a Wortgesindel /  |c Friedrich Achleitner 
264 1 |a Wien :  |b Paul Zsolnay,  |c [2015] 
264 4 |c ©2015 
300 |a 106 stran ;  |c 22 cm 
336 |a text  |b txt  |2 rdacontent 
337 |a bez média  |b n  |2 rdamedia 
338 |a svazek  |b nc  |2 rdacarrier 
655 7 |a rakouské prózy  |7 fd202942  |2 czenas 
655 9 |a Austrian prose  |2 eczenas 
910 |a BOA001  |b RK-0006.545 
990 |a BK 
991 |b 201603  |c NOV  |x 33 
996 7 |b 261A007855  |c RK-0006.545  |l Rakouská knihovna/2.patro  |r ZHR  |n 1  |p dar  |h GD-ach  |w 001545032  |u 000010  |a 0  |e BOA001  |j MZK50  |s A